10 Biggest Countries Bordering the Mediterranean Sea - Statistics

General Stats
  • This quiz has been taken 1,769 times
  • The average score is 9 of 10
Answer Stats
Area Country % Correct
301,336 Italy
97%
505,992 Spain
96%
2,381,741 Algeria
95%
1,002,450 Egypt
95%
640,679 France
93%
783,562 Turkey
93%
1,759,540 Libya
92%
446,550 Morocco
91%
163,610 Tunisia
85%
185,180 Syria
70%
No matching quizzes found
Score Distribution
Percent of People with Each Score
Percentile by Number Answered
Your Score History
You have not taken this quiz